00364 2200157 4500001002100000005001500021035002000036245004100056100001900097300001100116260003300127082000800160084001400168990001200182990001200194INLIS00000000000195520250523091844 a0010-05250002471 aCampuran & Senyawa /cAlastair Smith0 aAlastair Smith a64 hlm aBandung :bPakar Raya,c2006 a500 a500 ALA c a0713500 a0713501